000 02489nam a2200385 i 4500
001 197787
003 ES-MaACL
005 20250902063121.0
008 250805s2004 sp | ||| ||spa
016 7 _abimoBNE20050038753
_2SpMaBN
017 _aM 36949-2004
_bOficina Depósito Legal Madrid
020 _a8496052826
035 _a(OCoLC)417653836
035 _a(SpMaBN)bimo0001998499
040 _aSpMaBN
_bspa
_cSpMaBN
_erdc
080 _a94(460)"1936/39"
080 _a94(100)"1939/45"
100 1 _aGragera Díaz, Francisco,
_d1958-
_9241599
_eaut
245 1 4 _aLos quintos del Pelargón /
_cFrancisco Gragera Díaz.
260 _aMadrid :
_bOberon,
_c[2004].
300 _a202 páginas, [24] páginas de láminas ;
_c24 cm.
336 _2rdacontent
_atexto
337 _2rdamedia
_asin mediación
338 _2rdacarrier
_avolumen
490 1 _aOberon memoria
504 _aFuentes documentales y bibliográficas: páginas [201-203]
520 _aLa aparición de un puñado de cartas escritas por el padre del autor durante su participación en la Guerra Civil española supone el comienzo de una labor de investigación que le conducirá hasta Los quintos del pelargón. Gracias a los relatos ofrecidos por algunos mozos del reemplazo de 1941, que tuvieron la desgracia de ser arrastrados como la grava a los campos de batalla, podremos conocer, con todo lujo de detalles, cómo vivían en aquel desolado paisaje sembrado de zanjas, alambradas y campos de minas. La Guerra Civil marcará a estos niños, convertidos en hombres a marchas forzadas, al igual que a otras generaciones de españoles nacidos antes, durante o después de aquella lucha fratricida. A los mozos supervivientes les esperaba, en el mejor de los casos, hacer la mili y padecer hambre, mucha hambre. Luego, una vez licenciados, serían movilizados de nuevo al estallar la Segunda Guerra Mundial y algunos, los más "echaos p'alante", se alistaron a la División Azul para combatir en el frente ruso.
650 4 _aGuerra mundial, 1939-1945-
_xParticipación española
_2embne
_913251
651 4 _aEspaña-
_xHistoria-
_y1936-1939, Guerra civil
_2embne
_98292
852 _aES-MaACL
_cDEPOJ
_jN-10624
_xEncuadernación cartoné con sobrecubiertas
_9206747
_hDonación: Editorial
942 _cMONOGRAFIA
_n0
999 _c197787
_d197787